000 00289nam a2200109Ia 4500
008 190216s9999||||xx |||||||||||||| ||und||
100 _a"Frankman,Sharma"
245 0 _aCareers General Knowledge Digest&General Studies
260 _bBrilliance College
650 _aReferences
942 _cREF
999 _c35622
_d35622